000 00744nam a22002297a 4500
999 _c20499
_d20499
003 AR-CdUCM
008 190530b ||||| |||| 00| 0 spa d
040 _aMUNICIPALIDAD PROVINCIAL DEL CUSCO
_cBIBLIOTECA MUNICIPAL DEL CUSCO
082 _a658.1 /
_bB23
100 _aBarrios, Carlos
_942846
245 _aElaboración del plan operativo de la empresa /
260 _aLima :
_bLetra,
_c1982.
300 _a121 páginas ;
_c23 cm
505 _aContenido : Empresa del vestido Santa Ana -- Ingreso por ventas -- Costos...
650 _aOrientación
_915958
650 _aEmpresa
_9826
650 _aCapacitación
_97459
700 _aCarbonetto, Daniel
_942847
700 _aMartinez, Daniel
_942848
942 _2ddc
_cLIBROS
945 _arcc